| 000 | 00715nam a2200277Ia 4500 | ||
|---|---|---|---|
| 001 | Z_2780 | ||
| 003 | CHAP | ||
| 008 | 220113s1982 xx 000 0 und d | ||
| 010 | _a163587 | ||
| 040 | _cCHAP | ||
| 082 | _a636.08 P6 | ||
| 100 |
_aPolanco Jaime, Alejandro _990194 |
||
| 245 |
_aGuía de publicaciones periódicas en el área de producción animal / _cpor Alejandro Polanco Jaime |
||
| 260 |
_aChapingo, Méx. : _b :, _bUACH. Departamento de Zootecnia, _c1982 |
||
| 300 | _a95 p. | ||
| 440 | _a | ||
| 500 | _a | ||
| 503 | _a | ||
| 650 |
_aGanadería _xPublicaciones periódicas _944837 |
||
| 901 | _a636.08 P6 | ||
| 902 | _aA | ||
| 910 | _a1982 | ||
| 942 | _c1 | ||
| 942 | _cc1 | ||
| 999 |
_c163587 _d163587 |
||